Statistics for 方角を2つ含む駅名

Click here to take the quiz!

General Stats

  • This quiz has been taken 479 times
  • The average score is 5 of 14

Answer Stats

HintAnswer% Correct
東北〇東北沢
71%
西〇西西葛西
66%
西〇〇南〇西中島南方
57%
西〇北〇西宮北口
51%
西〇〇〇〇西西新井大師西
50%
東北〇〇〇〇東北福祉大前
49%
東〇北東山北
46%
西北〇西北見
41%
南〇東南大東
41%
西〇南西神南
24%
北〇〇〇東北13条東
16%
南〇東南港東
15%
南〇東南伊東
15%
西〇北中町(西町北)
5%

Score Distribution

Percentile by Number Answered

Percent of People with Each Score

Your Score History

You have not taken this quiz